00488nam a2200193 i 4500001000300000100002000003245006100023250001100084260003900095300002800134504001400162650001400176655001800190020001500208040000800223041000800231080001400239008004100253bg1 aKUZIAK, Michał10aJak pisać? /cMichał Kuziak, Sławomir Rzepczyński. aWyd.2. aBielsko Biała :b"Park",c[2002]. a330 s. :bil. ;c25 cm. aBibliogr. 9aPisarstwo aPodręczniki a837266160X cBPK0 apol a81'38(07) s pl f |000 0 pol